| 000 | 00000nas 2200000zi 4500 |
| 001 | 9.934800 |
| 003 | CaOODSP |
| 005 | 20240301131437 |
| 006 | m o d f |
| 007 | cr ||||||||||| |
| 008 | 150406c18671968onc|| p o||||f0 a0eng|d |
| 040 | |aCaOODSP|beng|erda|cCaOODSP |
| 043 | |an-cn--- |
| 086 | 1 |aYC11E-PDF |
| 110 | 1 |aCanada. |bParliament. |bSenate. |bStanding Committee on Banking and Commerce. |
| 245 | 10|aProceedings of the Standing Committee on Banking and Commerce. |
| 246 | 10|aBanking and commerce |
| 260 | |aOttawa : |bSenate, |c[1867]-1968. |
| 310 | |aIrregular |
| 362 | 1 |aCeased with : 28th Parliament, 1st session, no. 13 (Dec. 18, 1968). |
| 500 | |aNumbering begins each session with issue no. 1. |
| 515 | |aSession of 1959-1968 held during the 24th Parl., 2nd session-28th Parl., 1st sess. |
| 580 | |aContinued by: Canada. Parliament. Senate. Standing Committee on Banking, Trade and Commerce. Proceedings of the Standing Senate Committee on Banking, Trade and Commerce. |
| 650 | 0|aBanking law|zCanada|vPeriodicals. |
| 650 | 0|aCommercial law|zCanada|vPeriodicals. |
| 650 | 6|aBanques|xDroit|zCanada|vLégislation. |
| 650 | 6|aDroit commercial|vLégislation. |
| 655 | 7|aPeriodicals|2lcgft |
| 785 | 00|tProceedings of the Standing Senate Committee on Banking, Trade and Commerce |w(CaOODSP)9.500523 |